Providing of investment incentives in the Slovak republic

Analýza 176 investičných stimulov na Slovensku na regionálnej úrovni v období 2002-2016. Objem stimulov na jedno vytvorené pracovné miesto.

Guardado en:
Detalles Bibliográficos
Autor principal: Darmo, Ľubomír, 1984-
Formato: Capítulo de libro
Lenguaje:inglés
Materias:
Etiquetas: Agregar Etiqueta
Sin Etiquetas, Sea el primero en etiquetar este registro!

MARC

LEADER 00000nla a2200000 4500
001 0237423
005 20240604111450.6
041 0 |a eng 
044 |a CZ 
245 1 0 |a Providing of investment incentives in the Slovak republic  |c Ľubomír Darmo 
520 |a Analýza 176 investičných stimulov na Slovensku na regionálnej úrovni v období 2002-2016. Objem stimulov na jedno vytvorené pracovné miesto. 
610 2 0 |a stimuly 
610 2 0 |a pomoc štátna 
610 2 0 |a miesta pracovné 
610 2 0 |a investície priame zahraničné 
610 2 0 |a Slovensko 
100 1 |a Darmo, Ľubomír, 1984-